MISS TALLULAH BANKHEAD /
Wedi'i Gadw mewn:
| Prif Awdur: | |
|---|---|
| Fformat: | Llyfr |
| Pynciau: | |
| Tagiau: |
Dim Tagiau, Byddwch y cyntaf i dagio'r cofnod hwn!
|
MARC
| LEADER | 00000nam^a2200000^a^4500 | ||
|---|---|---|---|
| 001 | 000241831 | ||
| 005 | 20250521000000.0 | ||
| 009 | 20260310105233.205 | ||
| 035 | |a 064703 | ||
| 037 | |a Acervo Xavier Clavigero | ||
| 082 | |a 813. 5 |b ISR | ||
| 100 | |a Israel, Lee |e (autor) | ||
| 245 | 1 | 0 | |a MISS TALLULAH BANKHEAD / |c LEE ISRAEL |
| 264 | |a Nueva York, EUA : |b G.P. Putnam's Sons, |c 1972 | ||
| 300 | |a 384 p. | ||
| 336 | |a texto |b txt |2 rdacontenido | ||
| 337 | |a sin mediación |b n |2 rdamedio | ||
| 338 | |a volumen |b nc |2 rdasoporte | ||
| 649 | |a XX | ||
| 650 | |a Novela Norteamericana | ||
| 650 | |a Literatura Norteamericana - |y Siglo XX | ||
| 910 | |a Fondo General | ||
| 920 | |a Impresos - Libros | ||
| 930 | |a Colección General | ||
| 940 | |a Literatura | ||
| 905 | |a 101 | ||
| 901 | |a 064703 |b IT1 |c LIT |i 064703 |u 20250521 | ||
| 902 | |a https://opac.biblio.iteso.mx/vufind/Record/000241831 | ||